000
00258nam a2200109Ia 4500
008
200302s9999 xx 000 0 und d
100
_a
J. K. Mckay
245
_a
Building Construction Vol 4
260
_b
Orient Longman Ltd.
260
_c
1976
300
_a
272 P.,
999
_c
220
_d
220